[Event "1. Bundesliga 2015/2016"]
[Site "St. Veit/Glan"]
[Date "2016.02.27"]
[Round "7"]
[Board "4"]
[White "Hilverda, Alexander"]
[Black "Buhmann, Rainer"]
[Result "0-1"]
[WhiteElo "2378"]
[BlackElo "2645"]
[PlyCount "104"]
[EventDate "2015.11.05"]
[EventType "team"]
[EventRounds "11"]
[EventCountry "AUT"]
[WhiteTeam "SIR Royal Salzburg"]
[BlackTeam "SC MPOE Maria Saal"]

1.Nf3 d5 2.g3 Nf6 3.Bg2 e6 4.O-O Be7 5.c4 O-O 6.d4 dxc4 7.Qc2 b6 8.Ne5 Qxd4 9.Bxa8
Qxe5 10.Bf4 Qh5 11.Bf3 Ng4 12.Bxg4 Qxg4 13.Nd2 Qxe2 14.Qxc4 Qxc4 15.Nxc4 Na6 16.Rac1
f6 17.Na3 e5 18.Be3 Bd7 19.Nb1 Kf7 20.Nc3 c6 21.f4 exf4 22.Bxf4 Nc5 23.Rcd1 Bg4 24.Rd2
Re8 25.Kg2 b5 26.b4 Nb7 27.a3 a5 28.Na2 Be6 29.Re1 g5 30.Bc7 axb4 31.Nxb4 c5 32.Nc6
Bf8 33.Nd8+ Nxd8 34.Rxd8 Rxd8 35.Bxd8 c4 36.Rb1 Bd7 37.Ra1 Bc5 38.Kf3 Bc6+ 39.Ke2
Ke6 40.Ba5 Bd4 41.Rd1 Ke5 42.Kd2 f5 43.Bc7+ Ke6 44.Bd8 h6 45.Re1+ Be4 46.Ba5 Kd5 47.Bc3
Bc5 48.Bb4 Bxb4+ 49.axb4 Kd4 50.Re3 f4 51.gxf4 gxf4 52.Ra3 f3 0-1

[Event "1. Bundesliga 2015/2016"]
[Site "St. Veit/Glan"]
[Date "2016.02.27"]
[Round "7"]
[Board "5"]
[White "Naumann, Alexander"]
[Black "Tischbierek, Raj"]
[Result "1/2-1/2"]
[WhiteElo "2555"]
[BlackElo "2442"]
[PlyCount "87"]
[EventDate "2015.11.05"]
[EventType "team"]
[EventRounds "11"]
[EventCountry "AUT"]
[WhiteTeam "SC MPOE Maria Saal"]
[BlackTeam "SIR Royal Salzburg"]

1.d4 d5 2.c4 c6 3.Nf3 Nf6 4.Nc3 dxc4 5.a4 Bf5 6.Ne5 Nbd7 7.Nxc4 Nb6 8.Ne5 a5 9.f3
Nfd7 10.Nxd7 Nxd7 11.e4 Bg6 12.Be3 Qb6 13.Qc2 e5 14.O-O-O Rd8 15.Kb1 h6 16.h4 h5 17.Bc4
exd4 18.Bxd4 Bc5 19.Ne2 Bxd4 20.Rxd4 O-O 21.Rhd1 Ne5 22.Bb3 Rxd4 23.Rxd4 Rd8 24.Rxd8+
Qxd8 25.Qc3 Qd3+ 26.Qxd3 Nxd3 27.Bc2 Ne5 28.f4 Ng4 29.f5 Bh7 30.Nf4 g6 31.fxg6 Bxg6
32.Kc1 Kg7 33.Bd1 Nf2 34.e5 Nxd1 35.Kxd1 Kh6 36.Kd2 Bf5 37.Kc3 Bg4 38.b4 b6 39.bxa5
bxa5 40.Kd2 Bf5 41.g3 Bg4 42.Kc2 Bf3 43.Kd2 Bg4 44.Kc2 1/2-1/2

[Event "1. Bundesliga 2015/2016"]
[Site "St. Veit/Glan"]
[Date "2016.02.27"]
[Round "7"]
[Board "6"]
[White "Pitl, Gregory"]
[Black "Kreisl, Robert"]
[Result "1/2-1/2"]
[WhiteElo "2396"]
[BlackElo "2435"]
[PlyCount "65"]
[EventDate "2015.11.05"]
[EventType "team"]
[EventRounds "11"]
[EventCountry "AUT"]
[WhiteTeam "SIR Royal Salzburg"]
[BlackTeam "SC MPOE Maria Saal"]

1.e4 c6 2.d4 d5 3.e5 Bf5 4.Nf3 e6 5.Be2 Nd7 6.O-O Ne7 7.Nbd2 h6 8.Nb3 Bh7 9.Bd2 Ng6
10.Rc1 Be7 11.c4 dxc4 12.Bxc4 Nb6 13.Bd3 Nf8 14.Ne1 Bxd3 15.Nxd3 Nd5 16.a4 Nd7 17.Na5
Rb8 18.b4 a6 19.Nc5 Nxc5 20.bxc5 O-O 21.Qg4 Kh7 22.Rb1 Bg5 23.f4 f5 24.Qg3 Bh4 25.Qh3
Rf7 26.Nc4 Be7 27.Kh1 g5 28.Nd6 Bxd6 29.exd6 g4 30.Qd3 b5 31.Rfe1 Qd7 32.Ra1 Rff8
33.Ra2 1/2-1/2

[Event "1. Bundesliga 2015/2016"]
[Site "St. Veit/Glan"]
[Date "2016.02.27"]
[Round "7"]
[Board "1"]
[White "Georgiadis, Nico"]
[Black "Bindrich, Falko"]
[Result "0-1"]
[WhiteElo "2486"]
[BlackElo "2574"]
[PlyCount "76"]
[EventDate "2015.11.05"]
[EventType "team"]
[EventRounds "11"]
[EventCountry "AUT"]
[WhiteTeam "Schachclub Sparkasse Goetzis"]
[BlackTeam "SK Hohenems"]

1.d4 Nf6 2.c4 e6 3.g3 d5 4.Nf3 Bb4+ 5.Bd2 Bd6 6.Bg2 c6 7.O-O O-O 8.a4 a5 9.Nc3 Nbd7
10.b3 b6 11.Bf4 Bxf4 12.gxf4 Ba6 13.Ne5 Rc8 14.Rc1 Ne8 15.e3 Nd6 16.Qe2 f6 17.Nxd7
Qxd7 18.Rfd1 Kh8 19.Nb1 Qe7 20.Nd2 c5 21.Nf3 dxc4 22.bxc4 cxd4 23.Nxd4 Bb7 24.Bxb7
Nxb7 25.Qb2 e5 26.Ne2 Qe6 27.fxe5 fxe5 28.Ng3 Nc5 29.Rd5 Rce8 30.Qb5 Qg6 31.Rcd1 h5
32.Qb1 Qf7 33.Ne4 Qf3 34.Nxc5 Qxf2+ 35.Kh1 Qf3+ 36.Kg1 Qxe3+ 37.Kh1 Qf3+ 38.Kg1 Rf4 0-1

[Event "1. Bundesliga 2015/2016"]
[Site "St. Veit/Glan"]
[Date "2016.02.27"]
[Round "7"]
[Board "2"]
[White "Rozentalis, Eduardas"]
[Black "Krassowizkij, Jaroslaw"]
[Result "1/2-1/2"]
[WhiteElo "2584"]
[BlackElo "2446"]
[PlyCount "60"]
[EventDate "2015.11.05"]
[EventType "team"]
[EventRounds "11"]
[EventCountry "AUT"]
[WhiteTeam "SK Hohenems"]
[BlackTeam "Schachclub Sparkasse Goetzis"]

1.e4 c5 2.Nf3 e6 3.c3 Nf6 4.e5 Nd5 5.Bc4 d6 6.d4 cxd4 7.cxd4 Nc6 8.O-O Be7 9.exd6
Bxd6 10.Nc3 O-O 11.Re1 h6 12.a3 Nxc3 13.bxc3 Qc7 14.Qd3 Rd8 15.Bb3 Bf8 16.Bc2 g6 17.h4
e5 18.Bb3 Bf5 19.Qe3 Qb6 20.d5 Qxb3 21.dxc6 bxc6 22.h5 Rd3 23.Qxe5 Qxc3 24.hxg6 Bxg6
25.Be3 Qxe5 26.Nxe5 Rxa3 27.Rxa3 Bxa3 28.Nxc6 a5 29.Ra1 Bb2 30.Rxa5 Rxa5 1/2-1/2

[Event "1. Bundesliga 2015/2016"]
[Site "St. Veit/Glan"]
[Date "2016.02.27"]
[Round "7"]
[Board "3"]
[White "Hirneise, Tobias"]
[Black "Martinovic, Sasa"]
[Result "1-0"]
[WhiteElo "2449"]
[BlackElo "2539"]
[PlyCount "71"]
[EventDate "2015.11.05"]
[EventType "team"]
[EventRounds "11"]
[EventCountry "AUT"]
[WhiteTeam "Schachclub Sparkasse Goetzis"]
[BlackTeam "SK Hohenems"]

1.d4 Nf6 2.c4 g6 3.Nc3 Bg7 4.e4 d6 5.Nf3 O-O 6.Be2 Na6 7.Be3 e5 8.dxe5 dxe5 9.c5 Qe7
10.Bxa6 bxa6 11.h3 Rb8 12.Qc2 c6 13.O-O-O Ne8 14.Nd2 Be6 15.Qa4 Qb7 16.b3 Qb4 17.Qxb4
Rxb4 18.Kc2 Nc7 19.Nc4 Bxc4 20.bxc4 Rfb8 21.Rd6 Rb2+ 22.Kd3 Ne6 23.Rxc6 Nf4+ 24.Bxf4
exf4 25.Rxa6 Rxf2 26.Rb1 Rxb1 27.Nxb1 Rxg2 28.c6 Rg3+ 29.Kc2 Rg5 30.Rxa7 Rc5 31.c7
Bf8 32.Nd2 Kg7 33.Nb3 Rxc4+ 34.Kd3 Rc6 35.Nd4 Rc5 36.Ne6+ 1-0

[Event "1. Bundesliga 2015/2016"]
[Site "St. Veit/Glan"]
[Date "2016.02.27"]
[Round "7"]
[Board "4"]
[White "Breder, Dennis"]
[Black "Kessler, Luca"]
[Result "1/2-1/2"]
[WhiteElo "2474"]
[BlackElo "2433"]
[PlyCount "103"]
[EventDate "2015.11.05"]
[EventType "team"]
[EventRounds "11"]
[EventCountry "AUT"]
[WhiteTeam "SK Hohenems"]
[BlackTeam "Schachclub Sparkasse Goetzis"]

1.e4 c5 2.Nf3 e6 3.g3 Nc6 4.Bg2 Nf6 5.Qe2 e5 6.O-O Be7 7.Na3 O-O 8.d3 h6 9.Nc4 d6
10.b3 Re8 11.Bb2 Bf8 12.Qd1 Be6 13.Nfd2 Rc8 14.a4 Be7 15.h3 Qd7 16.Kh2 Nh7 17.Ne3
Bf6 18.c3 Qc7 19.h4 Ne7 20.Rc1 Qd8 21.Qf3 a6 22.Ra1 b5 23.axb5 axb5 24.Ra6 Ra8 25.Rfa1
Rxa6 26.Rxa6 Qd7 27.Qd1 d5 28.exd5 Nxd5 29.Nxd5 Bxd5 30.Ne4 Be7 31.c4 bxc4 32.dxc4
Qb7 33.cxd5 Qxa6 34.Bxe5 Bxh4 35.Bc3 Bf6 36.Nxc5 Qd6 37.Ne4 Qd8 38.Nxf6+ Nxf6 39.Qd4
Re7 40.b4 Qb8 41.Bf3 Rd7 42.Kg2 Qb5 43.Qe3 Rd6 44.Qc5 Qxc5 45.bxc5 Rxd5 46.Bxf6 Rxc5
47.Bd4 Rc4 48.Be3 Ra4 49.g4 Rb4 50.Kg3 Ra4 51.Be2 Rb4 52.Bd3 1/2-1/2

[Event "1. Bundesliga 2015/2016"]
[Site "St. Veit/Glan"]
[Date "2016.02.27"]
[Round "7"]
[Board "5"]
[White "Anistratov, Dmitrij"]
[Black "Atlas, Valery"]
[Result "1/2-1/2"]
[WhiteElo "2287"]
[BlackElo "2453"]
[PlyCount "62"]
[EventDate "2015.11.05"]
[EventType "team"]
[EventRounds "11"]
[EventCountry "AUT"]
[WhiteTeam "Schachclub Sparkasse Goetzis"]
[BlackTeam "SK Hohenems"]

1.Nf3 Nf6 2.c4 b6 3.g3 Bb7 4.Bg2 g6 5.b3 Bg7 6.Bb2 O-O 7.O-O c5 8.Nc3 d6 9.e3 Nbd7
10.d4 Ne4 11.Qc2 Nxc3 12.Bxc3 e6 13.Rad1 Qe7 14.dxc5 Bxc3 15.Qxc3 Nxc5 16.h4 Rad8
17.Ne1 Ne4 18.Qb2 d5 19.cxd5 Bxd5 20.Rd4 f5 21.Nf3 e5 22.Rdd1 Rfe8 23.Ng5 Qb7 24.Nxe4
Bxe4 25.Rxd8 Rxd8 26.Bxe4 Qxe4 27.Qc3 f4 28.exf4 exf4 29.Re1 Qd4 30.Qxd4 Rxd4 31.Kg2
fxg3 1/2-1/2

[Event "1. Bundesliga 2015/2016"]
[Site "St. Veit/Glan"]
[Date "2016.02.27"]
[Round "7"]
[Board "6"]
[White "Studer, Noël"]
[Black "Schloetzer, Waldemar"]
[Result "1-0"]
[WhiteElo "2438"]
[BlackElo "2282"]
[PlyCount "91"]
[EventDate "2015.11.05"]
[EventType "team"]
[EventRounds "11"]
[EventCountry "AUT"]
[WhiteTeam "SK Hohenems"]
[BlackTeam "Schachclub Sparkasse Goetzis"]

1.d4 d5 2.c4 e6 3.Nf3 Nf6 4.g3 Bb4+ 5.Bd2 Bd6 6.Nc3 O-O 7.Bg5 c6 8.e4 dxe4 9.Nxe4
Bb4+ 10.Nc3 c5 11.a3 Ba5 12.Bg2 h6 13.Be3 cxd4 14.Qxd4 Nc6 15.Qxd8 Bxc3+ 16.Qd2 Bxd2+
17.Nxd2 e5 18.O-O Re8 19.Rfe1 e4 20.c5 Re7 21.h3 Be6 22.Rad1 Bd5 23.Nb1 Ne5 24.Nc3
Bb3 25.Rd4 Nd3 26.Re2 Rae8 27.Rd2 Ne1 28.Bh1 Nc2 29.Rd8 Nxe3 30.fxe3 Re5 31.Rxe8+
Rxe8 32.Rd4 Re5 33.Nxe4 Nxe4 34.Bxe4 f5 35.Bxb7 Rxc5 36.Rd3 Rc1+ 37.Kf2 Ba4 38.Rc3
Rb1 39.b3 Rb2+ 40.Kf3 Bb5 41.Bd5+ Kh7 42.Kf4 Kg6 43.a4 Kf6 44.e4 g5+ 45.Ke3 Bf1 46.Rc6+ 1-0

[Event "1. Bundesliga 2015/2016"]
[Site "St. Veit/Glan"]
[Date "2016.02.27"]
[Round "7"]
[Board "1"]
[White "Papp, Gabor"]
[Black "Haba, Petr"]
[Result "1-0"]
[WhiteElo "2593"]
[BlackElo "2481"]
[PlyCount "129"]
[EventDate "2015.11.05"]
[EventType "team"]
[EventRounds "11"]
[EventCountry "AUT"]
[WhiteTeam "L.A. Kraftanlage Ottakring"]
[BlackTeam "Spk. Grieskirchen/Bad Schallerbach"]

1.e4 e6 2.d4 d5 3.Nd2 c5 4.Ngf3 cxd4 5.Nxd4 Nf6 6.exd5 Nxd5 7.N2f3 Bb4+ 8.Bd2 O-O
9.c3 Be7 10.Be2 Bf6 11.c4 Ne7 12.Bc3 a6 13.O-O Qc7 14.Qa4 Nd7 15.Qa3 Nc6 16.Nxc6 bxc6
17.Bxf6 Nxf6 18.Qc5 Nd7 19.Qe7 Qb6 20.b3 a5 21.Rad1 Nc5 22.Ne5 f6 23.Nd3 Ne4 24.Bf3
Ra7 25.Qa3 Ng5 26.Bg4 a4 27.Qc5 Qc7 28.f4 Ne4 29.Qe3 Nc3 30.Rd2 axb3 31.axb3 Ra3 32.Nc5
Qb6 33.Bxe6+ Kh8 34.Rd3 Na2 35.Bxc8 Rxc8 36.Re1 Rg8 37.Rd7 Ra7 38.Rxa7 Qxa7 39.Ne6
Qxe3+ 40.Rxe3 Nb4 41.f5 Ra8 42.Nd4 g6 43.Re7 c5 44.Ne6 Nd3 45.g4 gxf5 46.gxf5 h5 47.Rf7
Ra1+ 48.Kg2 Ra2+ 49.Kg3 Rb2 50.Rxf6 Rxb3 51.Rf8+ Kh7 52.Ng5+ Kg7 53.Rf7+ Kg8 54.Rc7
Ne5+ 55.Kf4 Nd3+ 56.Ke4 Nf2+ 57.Kd5 Ng4 58.Kxc5 h4 59.Ne6 Nf6 60.Rg7+ Kh8 61.Rg6 Nd7+
62.Kd6 Rd3+ 63.Ke7 Ne5 64.Rh6+ Kg8 65.Rxh4 1-0

[Event "1. Bundesliga 2015/2016"]
[Site "St. Veit/Glan"]
[Date "2016.02.27"]
[Round "7"]
[Board "2"]
[White "Kilgus, Georg"]
[Black "Banusz, Tamas"]
[Result "1/2-1/2"]
[WhiteElo "2410"]
[BlackElo "2619"]
[PlyCount "126"]
[EventDate "2015.11.05"]
[EventType "team"]
[EventRounds "11"]
[EventCountry "AUT"]
[WhiteTeam "Spk. Grieskirchen/Bad Schallerbach"]
[BlackTeam "L.A. Kraftanlage Ottakring"]

1.Nf3 d5 2.g3 g6 3.Bg2 Bg7 4.d4 Nf6 5.c4 dxc4 6.Na3 c3 7.bxc3 O-O 8.O-O c5 9.Re1 Nc6
10.e4 Bg4 11.Bb2 Qa5 12.Qb3 cxd4 13.cxd4 Nd7 14.Nc4 Qb4 15.d5 Qxb3 16.axb3 Bxb2 17.Nxb2
Bxf3 18.dxc6 Bxg2 19.cxb7 Rab8 20.Kxg2 Rxb7 21.Nc4 Rc8 22.e5 Nc5 23.Na5 Rbc7 24.Rec1
Nd3 25.Rxc7 Rxc7 26.Nc4 Rb7 27.Na5 Rb6 28.f4 Ra6 29.Kf3 e6 30.Ke3 Nb4 31.Ra4 Nd5+
32.Kd4 Rb6 33.Kc5 a6 34.Nc6 Rxb3 35.Rxa6 Rb7 36.Kd4 Nc7 37.Ra2 h5 38.Ke4 Rb6 39.Ne7+
Kg7 40.Nc8 Rb4+ 41.Kf3 Nb5 42.Nd6 Nxd6 43.exd6 Rd4 44.Ra6 Kf6 45.Ke3 Rd5 46.h3 g5
47.fxg5+ Rxg5 48.Kf3 Rd5 49.Ke3 Rb5 50.Ra3 Rg5 51.Ke2 e5 52.Kf3 Ke6 53.Ra6 Rg6 54.Rb6
Rg8 55.d7+ Kxd7 56.Rh6 Ke7 57.Rxh5 Ke6 58.Rh6+ f6 59.g4 Kf7 60.h4 Kg7 61.g5 Rf8 62.Rxf6
Rxf6+ 63.gxf6+ Kxf6 1/2-1/2

[Event "1. Bundesliga 2015/2016"]
[Site "St. Veit/Glan"]
[Date "2016.02.27"]
[Round "7"]
[Board "3"]
[White "Dragnev, Valentin"]
[Black "Webersberger, Johann"]
[Result "1-0"]
[WhiteElo "2432"]
[BlackElo "2362"]
[PlyCount "77"]
[EventDate "2015.11.05"]
[EventType "team"]
[EventRounds "11"]
[EventCountry "AUT"]
[WhiteTeam "L.A. Kraftanlage Ottakring"]
[BlackTeam "Spk. Grieskirchen/Bad Schallerbach"]

1.e4 e5 2.Nf3 Nc6 3.Bb5 Nf6 4.d3 Bc5 5.Bxc6 dxc6 6.Be3 Bd6 7.h3 Qe7 8.Nbd2 Nd7 9.O-O
c5 10.Nh2 O-O 11.Qh5 f6 12.Nc4 Qf7 13.Qe2 b6 14.f4 exf4 15.Bxf4 Bxf4 16.Rxf4 Bb7 17.Ng4
Rae8 18.Raf1 h5 19.Nge3 b5 20.Na5 Ba8 21.Nf5 Kh7 22.Nb3 g6 23.Ne3 c4 24.Nd4 cxd3 25.cxd3
a6 26.g4 Qxa2 27.gxh5 g5 28.R4f2 c5 29.Ndf5 c4 30.dxc4 Qb3 31.Rd1 Nc5 32.Nd6 Re6 33.Qf3
Rxd6 34.Qf5+ Kh8 35.Rxd6 Qxe3 36.Rxf6 Qg3+ 37.Rg2 Qe3+ 38.Kh2 Re8 39.Rh6+ 1-0

[Event "1. Bundesliga 2015/2016"]
[Site "St. Veit/Glan"]
[Date "2016.02.27"]
[Round "7"]
[Board "4"]
[White "Schwabeneder, Florian"]
[Black "Schmaltz, Roland"]
[Result "0-1"]
[WhiteElo "2371"]
[BlackElo "2487"]
[PlyCount "112"]
[EventDate "2015.11.05"]
[EventType "team"]
[EventRounds "11"]
[EventCountry "AUT"]
[WhiteTeam "Spk. Grieskirchen/Bad Schallerbach"]
[BlackTeam "L.A. Kraftanlage Ottakring"]

1.e4 c5 2.Nf3 e6 3.d4 cxd4 4.Nxd4 a6 5.Nc3 b6 6.Bd3 Bb7 7.O-O d6 8.f4 Nf6 9.Kh1 Nbd7
10.Qe2 Nc5 11.Bd2 Be7 12.Rae1 Nxd3 13.cxd3 O-O 14.Rf3 Kh8 15.Rh3 g6 16.Nf3 Rg8 17.Ng5
Rg7 18.Rf1 Kg8 19.Nd1 Nh5 20.Nf3 Qd7 21.Qe3 d5 22.e5 d4 23.Qe1 f5 24.exf6 Nxf6 25.Ng5
Bd5 26.Nf2 a5 27.Nfe4 Rf8 28.a3 Nh5 29.Rhf3 h6 30.Nh3 Rgf7 31.Qe2 Bd8 32.Kg1 Bc7 33.b4
a4 34.Bc1 Bb8 35.Kh1 Bc6 36.Kg1 Nf6 37.Nxf6+ Rxf6 38.Rg3 Kh7 39.Re1 Qf7 40.Qc2 e5
41.Nf2 exf4 42.Rh3 Bd7 43.Rf3 g5 44.Ne4 Rc6 45.Qb2 Qd5 46.b5 Re6 47.Qb4 Rf7 48.Bb2
g4 49.Rf2 Bxb5 50.Qxd4 Qxd4 51.Bxd4 Kg6 52.Rd2 Rd7 53.Bf2 Rxd3 54.Rxd3 Bxd3 55.Nc3
Rxe1+ 56.Bxe1 b5 0-1

[Event "1. Bundesliga 2015/2016"]
[Site "St. Veit/Glan"]
[Date "2016.02.27"]
[Round "7"]
[Board "5"]
[White "Menezes, Christoph"]
[Black "Lentrodt, Thomas"]
[Result "1-0"]
[WhiteElo "2395"]
[BlackElo "2263"]
[PlyCount "115"]
[EventDate "2015.11.05"]
[EventType "team"]
[EventRounds "11"]
[EventCountry "AUT"]
[WhiteTeam "L.A. Kraftanlage Ottakring"]
[BlackTeam "Spk. Grieskirchen/Bad Schallerbach"]

1.Nf3 Nf6 2.c4 e6 3.g3 d5 4.Bg2 c6 5.d4 Bb4+ 6.Nbd2 O-O 7.O-O Nbd7 8.Qc2 Re8 9.e4
Nxe4 10.Nxe4 dxe4 11.Qxe4 Nf6 12.Qc2 h6 13.Rd1 Bd6 14.b3 Qe7 15.Bb2 Bd7 16.Ne5 Rad8
17.a3 Bc8 18.b4 Qc7 19.Qc3 Bf8 20.Qf3 Be7 21.Bc1 a5 22.Bf4 Qb6 23.c5 Qa7 24.Nc4 a4
25.Bc7 Rd7 26.Bd6 Bxd6 27.Nxd6 Red8 28.Qc3 Ne8 29.Nc4 Nc7 30.Nb6 Re7 31.Be4 Nd5 32.Bxd5
exd5 33.Re1 Be6 34.Re3 Rde8 35.Rae1 Kf8 36.Qc2 g6 37.Qxa4 Qb8 38.Qc2 Kg7 39.Qd2 Qc7
40.f3 Rh8 41.f4 Ree8 42.Re5 Rd8 43.Qe3 Rb8 44.Kf2 Qd8 45.h4 Qf6 46.Ke2 Rbd8 47.Kd2
Bf5 48.Kc3 Be4 49.a4 Rdg8 50.Nc4 Qd8 51.Nd6 f6 52.Re6 Qd7 53.f5 gxf5 54.Re7+ Qxe7
55.Nxf5+ Kf8 56.Nxe7 Kxe7 57.Qf4 Rg7 58.Qc7+ 1-0

[Event "1. Bundesliga 2015/2016"]
[Site "St. Veit/Glan"]
[Date "2016.02.27"]
[Round "7"]
[Board "6"]
[White "Obermayr, Hermann"]
[Black "Schneider-Zinner, Harald"]
[Result "0-1"]
[WhiteElo "2132"]
[BlackElo "2353"]
[PlyCount "80"]
[EventDate "2015.11.05"]
[EventType "team"]
[EventRounds "11"]
[EventCountry "AUT"]
[WhiteTeam "Spk. Grieskirchen/Bad Schallerbach"]
[BlackTeam "L.A. Kraftanlage Ottakring"]

1.d4 d5 2.Nf3 Nf6 3.e3 c5 4.b3 Nc6 5.Bd3 e6 6.Bb2 Bd6 7.O-O O-O 8.a3 b6 9.Ne5 Bb7
10.Nd2 Rc8 11.f4 Ne7 12.Qe2 Ne4 13.Bxe4 dxe4 14.c4 Qc7 15.Rfd1 a5 16.Nf1 cxd4 17.Bxd4
Nf5 18.Bc3 f6 19.Ng4 b5 20.Qe1 bxc4 21.Bxa5 Qe7 22.bxc4 Rxc4 23.Rdc1 Ra4 24.Bb4 Rfa8
25.Rab1 Bd5 26.Rb2 Rxa3 27.Bxd6 Qxd6 28.Rbc2 Qa6 29.Nf2 h6 30.Nd1 Qb6 31.Rc8+ Rxc8
32.Rxc8+ Kh7 33.Rc3 Ra1 34.Qe2 Bb7 35.Qc2 Qb1 36.Qxb1 Rxb1 37.g4 Nh4 38.Rc7 Ba6 39.Rd7
Be2 40.g5 Rxd1 0-1

[Event "1. Bundesliga 2015/2016"]
[Site "St. Veit/Glan"]
[Date "2016.02.27"]
[Round "7"]
[Board "1"]
[White "Volokitin, Andrei"]
[Black "Lenic, Luka"]
[Result "1/2-1/2"]
[WhiteElo "2642"]
[BlackElo "2628"]
[PlyCount "97"]
[EventDate "2015.11.05"]
[EventType "team"]
[EventRounds "11"]
[EventCountry "AUT"]
[WhiteTeam "Schachklub Sparkasse Jenbach"]
[BlackTeam "SV Raika Rapid Feffernitz"]

1.e4 e5 2.Nf3 Nc6 3.Bb5 a6 4.Bxc6 dxc6 5.O-O Be7 6.Nxe5 Qd4 7.Qh5 Be6 8.d3 Nf6 9.Nf3
Qxf2+ 10.Rxf2 Nxh5 11.Nd4 Nf6 12.h3 Nd7 13.Be3 Bh4 14.Re2 Bf6 15.Nd2 c5 16.Nxe6 fxe6
17.Rf1 O-O 18.b3 b6 19.Nf3 Ne5 20.Nxe5 Bxe5 21.Ref2 Rxf2 22.Kxf2 Rf8+ 23.Ke2 Rxf1
24.Kxf1 Kf7 25.Ke2 Ke7 26.Kf3 Kf6 27.h4 h5 28.g4 Kg6 29.Bf4 Bd6 30.a4 b5 31.Kg3 e5
32.Bg5 Bf8 33.Bd8 Bd6 34.Bg5 Bf8 35.Kh3 c4 36.dxc4 bxa4 37.bxa4 Bb4 38.Bd8 c6 39.Bc7
Bc3 40.Bd6 Bb2 41.Bb4 Bc1 42.Kg3 Bf4+ 43.Kf3 Kh6 44.Bf8 Kg6 45.gxh5+ Kxh5 46.Bxg7
Kxh4 47.Bf6+ Kh3 48.Bg7 Kh4 49.Bf6+ 1/2-1/2

[Event "1. Bundesliga 2015/2016"]
[Site "St. Veit/Glan"]
[Date "2016.02.27"]
[Round "7"]
[Board "2"]
[White "Skoberne, Jure"]
[Black "Nisipeanu, Liviu-Dieter"]
[Result "0-1"]
[WhiteElo "2564"]
[BlackElo "2667"]
[PlyCount "66"]
[EventDate "2015.11.05"]
[EventType "team"]
[EventRounds "11"]
[EventCountry "AUT"]
[WhiteTeam "SV Raika Rapid Feffernitz"]
[BlackTeam "Schachklub Sparkasse Jenbach"]

1.Nf3 d5 2.g3 c5 3.Bg2 Nc6 4.O-O Nf6 5.d3 Bg4 6.h3 Bh5 7.g4 Bg6 8.Nh4 e6 9.e3 Nd7
10.Nxg6 hxg6 11.f4 Qc7 12.Nd2 O-O-O 13.Nf3 Be7 14.Bd2 f5 15.Ng5 Bxg5 16.fxg5 Nde5
17.gxf5 gxf5 18.Qe1 Ng6 19.e4 dxe4 20.dxe4 Nh4 21.Rd1 Nxg2 22.Kxg2 Rd4 23.Bf4 e5 24.Rxd4
Nxd4 25.Be3 Nxc2 26.Qf2 Nxe3+ 27.Qxe3 f4 28.Qa3 Qe7 29.Rc1 Qxg5+ 30.Kf1 Kb8 31.Qxc5
a6 32.Qc7+ Ka8 33.Rc6 f3 0-1

[Event "1. Bundesliga 2015/2016"]
[Site "St. Veit/Glan"]
[Date "2016.02.27"]
[Round "7"]
[Board "3"]
[White "Schlosser, Philipp"]
[Black "Diermair, Andreas"]
[Result "1/2-1/2"]
[WhiteElo "2551"]
[BlackElo "2478"]
[PlyCount "67"]
[EventDate "2015.11.05"]
[EventType "team"]
[EventRounds "11"]
[EventCountry "AUT"]
[WhiteTeam "Schachklub Sparkasse Jenbach"]
[BlackTeam "SV Raika Rapid Feffernitz"]

1.Nf3 d5 2.g3 Nf6 3.Bg2 c6 4.O-O Bg4 5.c4 e6 6.d3 Be7 7.Qb3 Qb6 8.Be3 Qxb3 9.axb3
a6 10.h3 Bh5 11.g4 Bg6 12.Ne5 Nbd7 13.Nxg6 hxg6 14.Nc3 Rd8 15.d4 Nb6 16.Bf4 Rd7 17.c5
Nc8 18.b4 Bd8 19.Rad1 Bc7 20.Be5 g5 21.e3 Ne7 22.f4 gxf4 23.exf4 Ng6 24.Bxc7 Rxc7
25.Rde1 Re7 26.Rf3 Nd7 27.Bf1 f6 28.Ne2 Nh4 29.Re3 Kf7 30.Kf2 Rhe8 31.Nc1 g5 32.fxg5
fxg5 33.Nb3 Ng6 34.Kg3 1/2-1/2

[Event "1. Bundesliga 2015/2016"]
[Site "St. Veit/Glan"]
[Date "2016.02.27"]
[Round "7"]
[Board "4"]
[White "Schreiner, Peter"]
[Black "Shengelia, David"]
[Result "1-0"]
[WhiteElo "2461"]
[BlackElo "2566"]
[PlyCount "83"]
[EventDate "2015.11.05"]
[EventType "team"]
[EventRounds "11"]
[EventCountry "AUT"]
[WhiteTeam "SV Raika Rapid Feffernitz"]
[BlackTeam "Schachklub Sparkasse Jenbach"]

1.d4 d5 2.c4 e6 3.Nf3 a6 4.g3 dxc4 5.Bg2 Nc6 6.O-O Rb8 7.e3 b5 8.b3 cxb3 9.axb3 Bb7
10.Bb2 Nf6 11.Ne5 Nxe5 12.Bxb7 Rxb7 13.dxe5 Nd5 14.Rxa6 Be7 15.Nc3 Nb4 16.Qxd8+ Bxd8
17.Ra5 c6 18.Ra8 O-O 19.Ne4 Be7 20.Rfa1 Nd3 21.R8a7 Rxa7 22.Rxa7 Bb4 23.Bd4 c5 24.Bc3
Bxc3 25.Nxc3 b4 26.Na4 h5 27.f4 Rc8 28.Nb6 Rb8 29.Nd7 Rd8 30.Rb7 Ra8 31.Kg2 Ra3 32.Rb8+
Kh7 33.Nf8+ Kh6 34.Nd7 Rxb3 35.Kf3 Ne1+ 36.Ke4 f5# 37.exf6 gxf6 38.Nxc5 Rc3 39.Nxe6
Nc2 40.Kf5 Nxe3+ 41.Kxf6 Nd5+ 42.Kf7 1-0

[Event "1. Bundesliga 2015/2016"]
[Site "St. Veit/Glan"]
[Date "2016.02.27"]
[Round "7"]
[Board "5"]
[White "Boensch, Uwe"]
[Black "Sebenik, Matej"]
[Result "0-1"]
[WhiteElo "2553"]
[BlackElo "2527"]
[PlyCount "72"]
[EventDate "2015.11.05"]
[EventType "team"]
[EventRounds "11"]
[EventCountry "AUT"]
[WhiteTeam "Schachklub Sparkasse Jenbach"]
[BlackTeam "SV Raika Rapid Feffernitz"]

1.d4 Nf6 2.Nf3 e6 3.c4 Bb4+ 4.Bd2 Qe7 5.g3 Bxd2+ 6.Nbxd2 d6 7.e4 e5 8.d5 a5 9.Bg2
O-O 10.O-O Na6 11.Nh4 g6 12.Qe1 Nb4 13.Qb1 a4 14.Re1 Bd7 15.Bf1 c6 16.a3 Na6 17.b4
axb3 18.Nxb3 Rfc8 19.Nf3 Qd8 20.Nfd2 Qb6 21.Nc1 Qxb1 22.Rxb1 Nc5 23.Ncb3 Nfxe4 24.Rxe4
Nxe4 25.Nxe4 Bf5 26.Nbd2 cxd5 27.cxd5 Rc2 28.Rxb7 Rxa3 29.g4 Bxg4 30.Nc4 Ra1 31.Ne3
Bh3 32.Ng5 Bxf1 33.Nxc2 Rc1 34.Rb8+ Kg7 35.h4 Bc4+ 36.Kh2 Rxc2 0-1

[Event "1. Bundesliga 2015/2016"]
[Site "St. Veit/Glan"]
[Date "2016.02.27"]
[Round "7"]
[Board "6"]
[White "Zorko, Jure"]
[Black "Lehner, Oliver"]
[Result "1/2-1/2"]
[WhiteElo "2457"]
[BlackElo "2408"]
[PlyCount "103"]
[EventDate "2015.11.05"]
[EventType "team"]
[EventRounds "11"]
[EventCountry "AUT"]
[WhiteTeam "SV Raika Rapid Feffernitz"]
[BlackTeam "Schachklub Sparkasse Jenbach"]

1.e4 c5 2.Nf3 d6 3.Bb5+ Bd7 4.Bxd7+ Qxd7 5.O-O Nc6 6.Re1 Nf6 7.c3 e6 8.d4 cxd4 9.cxd4
d5 10.e5 Ne4 11.Nbd2 Nxd2 12.Bxd2 Be7 13.Rc1 O-O 14.Rc3 Bd8 15.Rd3 Rc8 16.h4 Bb6 17.a3
h6 18.Bf4 f6 19.exf6 Rxf6 20.Ne5 Qe8 21.Bg3 Bc7 22.Ng4 Rf7 23.Rde3 Re7 24.Bxc7 Rcxc7
25.h5 Kh8 26.Ne5 Nxe5 27.Rxe5 Qf7 28.R1e3 Rc6 29.Rf3 Qe8 30.Qe2 Kg8 31.Rfe3 Qd8 32.g3
Rd6 33.Rxe6 Rexe6 34.Rxe6 Rxe6 35.Qxe6+ Kh8 36.Kg2 a5 37.b4 a4 38.b5 b6 39.f4 Kh7
40.Kh3 Kh8 41.Qc6 Kh7 42.Qc2+ Kh8 43.Qxa4 Qe8 44.Qd1 Qxb5 45.Qf3 Qc4 46.Qe3 Qf1+ 47.Kh2
Qd1 48.Qe5 Qf3 49.Qe8+ Kh7 50.Qg6+ Kh8 51.Qe8+ Kh7 52.Qg6+ 1/2-1/2

[Event "1. Bundesliga 2015/2016"]
[Site "St. Veit/Glan"]
[Date "2016.02.28"]
[Round "8"]
[Board "1"]
[White "Melkumyan, Hrant"]
[Black "Lenic, Luka"]
[Result "1/2-1/2"]
[WhiteElo "2646"]
[BlackElo "2628"]
[PlyCount "138"]
[EventDate "2015.11.05"]
[EventType "team"]
[EventRounds "11"]
[EventCountry "AUT"]
[WhiteTeam "ASVOE Wulkaprodersdorf"]
[BlackTeam "SV Raika Rapid Feffernitz"]

1.c4 e6 2.Nf3 Nf6 3.g3 d5 4.b3 Be7 5.Bb2 O-O 6.Bg2 c5 7.O-O Nc6 8.cxd5 Nxd5 9.d4 cxd4
10.Nxd4 Bd7 11.Na3 Nxd4 12.Qxd4 Bf6 13.Qd2 Bc6 14.Nc4 Bxb2 15.Qxb2 Nb6 16.Bxc6 Nxc4
17.Qc3 Na5 18.Bf3 Rc8 19.Qb4 Qc7 20.Rac1 Qe5 21.Kg2 Rc7 22.Rfd1 g6 23.Qa4 Nc6 24.Bxc6
bxc6 25.Rd2 Rfc8 26.Rcd1 Kg7 27.Qc4 c5 28.Rd7 g5 29.h4 h6 30.Qg4 a5 31.e3 Qf5 32.Qxf5
exf5 33.R7d5 gxh4 34.gxh4 a4 35.Rxf5 axb3 36.axb3 Rb8 37.Rd3 Rb4 38.h5 c4 39.bxc4
Rbxc4 40.Rdd5 Rg4+ 41.Kf3 Rgc4 42.Rde5 R7c6 43.e4 Rc1 44.Kf4 Rh1 45.f3 Rb6 46.Rd5
Rf6 47.Rxf6 Kxf6 48.Rf5+ Kg7 49.Ra5 Rh4+ 50.Kg3 Rh1 51.f4 Rg1+ 52.Kf2 Rh1 53.Kg2 Rh4
54.Kf3 Rh1 55.Rc5 Rf1+ 56.Ke3 Rh1 57.Rd5 Rh4 58.Rf5 Rh1 59.Kf2 Rh2+ 60.Ke3 Rh1 61.Kd4
Ra1 62.Rc5 Rh1 63.Rd5 Rh4 64.Rf5 Rh1 65.Kd5 Ra1 66.Kc6 Ra4 67.e5 Ra6+ 68.Kc5 Re6 69.Kb5
Kf8 1/2-1/2